Statistics for Bridget Fonda Movies

Click here to take the quiz!

General Stats

  • This quiz has been taken 4 times
  • The average score is 5 of 7

Answer Stats

Release YearCostarsMovie% Correct
1997Pam Grier, Samuel L. JacksonJackie Brown
100%
1990Al Pacino, Andy GarciaThe Godfather Part III
100%
1994Nicolas Cage, Stanley TucciIt Could Happen to You
75%
2001Jet Li, Ric YoungKiss of the Dragon
75%
1992Jennifer Jason Leigh, Steven WeberSingle White Female
75%
1992Bruce Campbell, Embeth DavidtzArmy of Darkness
50%
1995Kevin Bacon, Bob HoskinsBalto
25%

Score Distribution

Percentile by Number Answered

Percent of People with Each Score

Your Score History

You have not taken this quiz